[Event "FRA-ch Blitz Online Qual"]
[Site "Europe Echecs INT"]
[Date "2020.05.16"]
[Round "7"]
[White "Ben Mohamed, Kader"]
[Black "Evrin, Selvam"]
[Result "0-1"]
[WhiteElo "1591"]
[BlackElo "1882"]
[PlyCount "60"]
[EventDate "2020.05.16"]
[EventType "swiss (blitz)"]
[EventRounds "15"]
[EventCountry "FRA"]
[SourceTitle "CBM 196 Extra"]
[Source "ChessBase"]
[SourceDate "2020.07.31"]
[SourceVersion "1"]
[SourceVersionDate "2020.07.31"]
[SourceQuality "1"]

1. f4 c5 2. Nf3 Nc6 3. e3 d5 4. Bb5 Bd7 5. b3 Nf6 6. Bb2 a6 7. Bxc6 Bxc6 8. 0-0 e6 9. d3 Be7 10. Ne5 0-0 11. Qe1 d4 12. exd4 cxd4 13. Nxc6 bxc6 14. Nd2 c5 15. Qg3 Nd5 16. Nc4 Bf6 17. a4 Re8 18. Rae1 Nb6 19. f5 Nxc4 20. dxc4 e5 21. Bc1 e4 22. Rd1 Qb6 23. Rfe1 Rad8 24. Qg4 e3 25. Re2 Qb7 26. Rde1 Qb8 27. h4 Qe5 28. h5 Qe4 29. Qf3 Re5 30. g4 Qxf3 0-1

[Event "FRA-ch Blitz Online Qual"]
[Site "Europe Echecs INT"]
[Date "2020.05.16"]
[Round "5"]
[White "Erudel, Maeva"]
[Black "Evrin, Selvam"]
[Result "0-1"]
[WhiteElo "1002"]
[BlackElo "1882"]
[PlyCount "40"]
[EventDate "2020.05.16"]
[EventType "swiss (blitz)"]
[EventRounds "15"]
[EventCountry "FRA"]
[SourceTitle "CBM 196 Extra"]
[Source "ChessBase"]
[SourceDate "2020.07.31"]
[SourceVersion "1"]
[SourceVersionDate "2020.07.31"]
[SourceQuality "1"]

1. d4 d5 2. e3 Nf6 3. Bd3 Bg4 4. f3 Bh5 5. Ne2 e6 6. Nf4 Bg6 7. Nxg6 hxg6 8. f4 Ne4 9. 0-0 Qh4 10. h3 Ng3 11. Rf3 Nf5 12. Bd2 Nd7 13. Be1 Qf6 14. Nd2 Bd6 15. Nf1 0-0-0 16. Ng3 Kb8 17. a4 Nxg3 18. Rxg3 g5 19. fxg5 Qe7 20. Rf3 f6 0-1

[Event "FRA-ch Blitz Online Qual"]
[Site "Europe Echecs INT"]
[Date "2020.05.16"]
[Round "2"]
[White "Evrin, Selvam"]
[Black "Milliet, Sophie"]
[Result "0-1"]
[WhiteElo "1882"]
[BlackElo "2401"]
[PlyCount "114"]
[EventDate "2020.05.16"]
[EventType "swiss (blitz)"]
[EventRounds "15"]
[EventCountry "FRA"]
[SourceTitle "CBM 196 Extra"]
[Source "ChessBase"]
[SourceDate "2020.07.31"]
[SourceVersion "1"]
[SourceVersionDate "2020.07.31"]
[SourceQuality "1"]

1. e4 c5 2. Nf3 e6 3. d4 cxd4 4. Nxd4 Nc6 5. Nc3 Qc7 6. Be3 a6 7. f4 b5 8. a3 Bb7 9. Be2 h5 10. Bf3 Nf6 11. 0-0 Rc8 12. Nb3 d6 13. f5 Ne5 14. fxe6 fxe6 15. Nd4 Qd7 16. Bg5 Nxf3+ 17. Qxf3 Be7 18. Qg3 Rc4 19. Rad1 0-0 20. e5 Rxc3 21. bxc3 Ne4 22. Qh3 Nxg5 23. Qxh5 Rxf1+ 24. Rxf1 dxe5 25. Nb3 e4 26. h4 Nf3+ 27. gxf3 exf3 28. Kf2 Bd8 29. Nd4 Bb6 30. Qe5 Qe7 31. Rg1 Qxh4+ 32. Kf1 Qh3+ 33. Ke1 f2+ 34. Kxf2 Qh4+ 35. Kf1 Qh3+ 36. Ke1 Qh4+ 37. Kf1 Qh6 38. Qb8+ Kh7 39. Qxb7 Qf4+ 40. Ke1 Qe3+ 41. Kf1 Qf4+ 42. Qf3 Qc1+ 43. Kg2 Qg5+ 44. Qg3 Qd2+ 45. Qf2 Qxc3 46. Rh1+ Kg8 47. Rf1 Bxd4 48. Qf8+ Kh7 49. Qf7 Qxc2+ 50. Kh1 Qe4+ 51. Kh2 Be5+ 52. Kh3 Qe3+ 53. Kh4 Qg3+ 54. Kh5 Qh3+ 55. Kg5 Bf6+ 56. Rxf6 Qg3+ 57. Kh5 Qe5+ 0-1

[Event "FRA-ch Blitz Online Qual"]
[Site "Europe Echecs INT"]
[Date "2020.05.16"]
[Round "6"]
[White "Evrin, Selvam"]
[Black "Navrotescu, Andreea Cristiana"]
[Result "0-1"]
[WhiteElo "1882"]
[BlackElo "2284"]
[PlyCount "60"]
[EventDate "2020.05.16"]
[EventType "swiss (blitz)"]
[EventRounds "15"]
[EventCountry "FRA"]
[SourceTitle "CBM 196 Extra"]
[Source "ChessBase"]
[SourceDate "2020.07.31"]
[SourceVersion "1"]
[SourceVersionDate "2020.07.31"]
[SourceQuality "1"]

1. e4 c5 2. Nf3 Nc6 3. d4 cxd4 4. Nxd4 Nf6 5. Nc3 d6 6. Bg5 e6 7. Qd2 a6 8. 0-0-0 Bd7 9. Kb1 b5 10. f4 Rb8 11. Bxf6 gxf6 12. f5 h5 13. fxe6 fxe6 14. Nf3 b4 15. Ne2 a5 16. Ned4 Nxd4 17. Qxd4 a4 18. Nh4 Rg8 19. Be2 Rg5 20. Nf3 Ra5 21. Nh4 b3 22. cxb3 axb3 23. a3 Kf7 24. Rhf1 Be7 25. g4 hxg4 26. Bxg4 Qb6 27. Bh5+ Rxh5 28. Qxb6 Rxb6 29. Nf3 Bb5 30. Rg1 Be2 0-1

[Event "FRA-ch Blitz Online Qual"]
[Site "Europe Echecs INT"]
[Date "2020.05.16"]
[Round "3"]
[White "Lesage, Margot"]
[Black "Evrin, Selvam"]
[Result "0-1"]
[WhiteElo "1598"]
[BlackElo "1882"]
[PlyCount "42"]
[EventDate "2020.05.16"]
[EventType "swiss (blitz)"]
[EventRounds "15"]
[EventCountry "FRA"]
[SourceTitle "CBM 196 Extra"]
[Source "ChessBase"]
[SourceDate "2020.07.31"]
[SourceVersion "1"]
[SourceVersionDate "2020.07.31"]
[SourceQuality "1"]

1. e4 c5 2. Nf3 d6 3. Bb5+ Nd7 4. Bxd7+ Bxd7 5. 0-0 Nf6 6. e5 dxe5 7. Nxe5 e6 8. Re1 Bd6 9. d4 0-0 10. Nc3 Rc8 11. Bg5 cxd4 12. Qxd4 Bc5 13. Qd1 Bc6 14. Qxd8 Rfxd8 15. Bxf6 gxf6 16. Ng4 Kg7 17. Rad1 Bd4 18. Ne2 Bxb2 19. Nf4 f5 20. Ne3 Bc3 21. Rf1 Bb5 0-1

[Event "St Denis op 21st"]
[Site "St Denis"]
[Date "2019.10.20"]
[Round "3"]
[White "Evrin, Selvam"]
[Black "Eric Andriana, Fitia"]
[Result "1-0"]
[WhiteElo "1788"]
[BlackElo "1325"]
[PlyCount "139"]
[EventDate "2019.10.20"]
[EventType "swiss"]
[EventRounds "9"]
[EventCountry "RUF"]
[SourceTitle "CBM 192 Extra"]
[Source "Chessbase"]
[SourceDate "2019.11.06"]
[SourceVersion "1"]
[SourceVersionDate "2019.11.06"]
[SourceQuality "1"]

1. e4 e5 2. Nf3 Nc6 3. Bc4 Bc5 4. d3 Nf6 5. 0-0 0-0 6. c3 d6 7. a4 a5 8. Re1 Bg4 9. Nbd2 Ba7 10. Nf1 Ne7 11. h3 Bd7 12. Be3 Ng6 13. Bxa7 Rxa7 14. d4 Re8 15. Ng5 Re7 16. dxe5 Nxe5 17. Bb3 h6 18. Nf3 Bc6 19. Ng3 Qe8 20. Nd4 g6 21. Nxc6 Nxc6 22. Qd3 Ra8 23. f4 Kg7 24. Re2 Rd8 25. Rae1 h5 26. Qf3 Rdd7 27. Nf1 Rd8 28. g4 hxg4 29. hxg4 Qd7 30. g5 Nh5 31. Ng3 Nxg3 32. Qxg3 Rh8 33. Rh2 Rxh2 34. Qxh2 Re8 35. Qh6+ Kg8 36. f5 gxf5 37. g6 Ne5 38. gxf7+ Nxf7 39. Re2 Rxe4 40. Rg2+ Rg4 41. Rxg4+ fxg4 42. Be6 Qe7 43. Qg6+ Kf8 44. Kg2 b6 45. b4 axb4 46. cxb4 c6 47. a5 bxa5 48. bxa5 Ke8 49. Qxf7+ Qxf7 50. Bxf7+ Kd7 51. Be6+ Kc7 52. Bxg4 c5 53. Bf3 Kb8 54. Bc6 Ka7 55. Bb5 d5 56. Kf3 c4 57. Ke3 Ka8 58. Kd4 Ka7 59. Kc3 Kb8 60. Bc6 Ka7 61. Bxd5 Ka6 62. Kb4 c3 63. Be4 Ka7 64. Bd3 Kb7 65. Kxc3 Ka7 66. Kb4 Kb7 67. Kb5 Kb8 68. Kb6 Ka8 69. Be4+ Kb8 70. a6 1-0

[Event "St Denis op 21st"]
[Site "St Denis"]
[Date "2019.10.20"]
[Round "9"]
[White "Evrin, Selvam"]
[Black "Goorsahye, Antoine"]
[Result "1-0"]
[WhiteElo "1788"]
[BlackElo "1786"]
[PlyCount "115"]
[EventDate "2019.10.20"]
[EventType "swiss"]
[EventRounds "9"]
[EventCountry "RUF"]
[SourceTitle "CBM 192 Extra"]
[Source "Chessbase"]
[SourceDate "2019.11.06"]
[SourceVersion "1"]
[SourceVersionDate "2019.11.06"]
[SourceQuality "1"]

1. e4 e5 2. Nf3 Nc6 3. Bc4 Bc5 4. 0-0 Nf6 5. Re1 d6 6. c3 0-0 7. a4 a5 8. d3 h6 9. Nbd2 Be6 10. Bxe6 fxe6 11. Nb3 Bb6 12. d4 exd4 13. Nbxd4 e5 14. Ne6 Qe7 15. Nxf8 Rxf8 16. Be3 Bxe3 17. Rxe3 Qe6 18. Nh4 Kh7 19. Nf5 g6 20. Ng3 Ne7 21. b4 axb4 22. cxb4 h5 23. Qc2 h4 24. Nf1 c6 25. b5 cxb5 26. axb5 Rc8 27. Qe2 g5 28. Ra7 Qd7 29. h3 Ng6 30. f3 Nf4 31. Qb2 Rc5 32. Rb3 Qc7 33. Ne3 Rc1+ 34. Kh2 Rc5 35. Qd2 d5 36. exd5 N6xd5 37. Rd3 Nxd3 38. Qxd3+ Kh6 39. Nxd5 Qb8 40. Nf4 gxf4 41. Rxb7 Qxb7 42. Qd6+ Kh5 43. Qxc5 Qg7 44. Qc3 Kg5 45. b6 Kf5 46. Qc8+ Kf6 47. Qc6+ Kf5 48. Qe4+ Ke6 49. b7 Qc7 50. Qb4 Qb8 51. Qb6+ Kd7 52. Kg1 Ke8 53. Kf2 Kd7 54. Ke2 e4 55. Qd4+ Kc7 56. Qxe4 Qxb7 57. Qxb7+ Kxb7 58. Kd3 1-0

[Event "Chennai op 11th"]
[Site "Chennai"]
[Date "2019.01.18"]
[Round "1"]
[White "Evrin, Selvam"]
[Black "Paichadze, Luka"]
[Result "0-1"]
[WhiteElo "1656"]
[BlackElo "2583"]
[PlyCount "55"]
[EventDate "2019.01.18"]
[EventType "swiss"]
[EventRounds "10"]
[EventCountry "IND"]
[SourceTitle "CBM 188 Extra"]
[Source "ChessBase"]
[SourceDate "2019.02.26"]
[SourceVersion "1"]
[SourceVersionDate "2019.02.26"]
[SourceQuality "1"]

1. e4 c6 2. d4 d5 3. e5 Bf5 4. Nc3 e6 5. g4 Bg6 6. Nge2 c5 7. h4 h5 8. Nf4 Bh7 9. Nxh5 cxd4 10. Qxd4 Nc6 11. Bb5 Nge7 12. Bg5 a6 13. Bxc6+ Nxc6 14. Qd2 Qa5 15. f4 Rc8 16. Rc1 Qb6 17. Na4 Qb5 18. b3 Nb4 19. Nc3 Qa5 20. f5 d4 21. Ne2 Nd3+ 22. Kd1 Nf2+ 23. Ke1 Qxd2+ 24. Kxd2 Nxh1 25. Rxh1 exf5 26. gxf5 Bxf5 27. Nxd4 Be4 28. Ke1 0-1

[Event "Reunion op 20th"]
[Site "St Denis"]
[Date "2018.10.15"]
[Round "2"]
[White "Evrin, Selvam"]
[Black "Eric Andriana, Fitia"]
[Result "1-0"]
[WhiteElo "1518"]
[BlackElo "1186"]
[PlyCount "61"]
[EventDate "2018.10.14"]
[EventType "swiss"]
[EventRounds "9"]
[EventCountry "RUF"]
[SourceTitle "CBM 187 Extra"]
[Source "ChessBase"]
[SourceDate "2018.11.04"]
[SourceVersion "1"]
[SourceVersionDate "2018.11.04"]
[SourceQuality "1"]

1. e4 e5 2. Nf3 Nc6 3. Bc4 Bc5 4. c3 Nf6 5. d3 h6 6. 0-0 d6 7. a4 a6 8. b4 Ba7 9. Re1 Bg4 10. Nbd2 0-0 11. Nf1 d5 12. exd5 Nxd5 13. b5 axb5 14. axb5 Nce7 15. Ba3 Nxc3 16. Qb3 Bxf3 17. gxf3 Bd4 18. Rac1 Na4 19. f4 Qd7 20. Ng3 h5 21. fxe5 h4 22. e6 Bxf2+ 23. Kxf2 hxg3+ 24. hxg3 Qd4+ 25. Kg2 Nc5 26. exf7+ Kh7 27. Bxc5 Qxc5 28. d4 Qd6 29. Re6 Qxd4 30. Rh1+ Qh4 31. Rxh4# 1-0

[Event "Reunion op 17th"]
[Site "St Denis"]
[Date "2015.10.10"]
[Round "3"]
[White "Evrin, Selvam"]
[Black "Triton, Maxime"]
[Result "0-1"]
[WhiteElo "1220"]
[BlackElo "1605"]
[PlyCount "68"]
[EventDate "2015.10.10"]
[EventType "swiss"]
[EventRounds "9"]
[EventCountry "RUF"]
[SourceTitle "CBM 168 Extra"]
[Source "ChessBase"]
[SourceDate "2015.10.29"]
[SourceVersion "1"]
[SourceVersionDate "2015.10.29"]
[SourceQuality "1"]

1. e4 b6 2. Bc4 Bb7 3. Nc3 e6 4. d3 d5 5. exd5 exd5 6. Bb3 Nf6 7. Nf3 Be7 8. 0-0 Nbd7 9. Bg5 h6 10. Bh4 Nc5 11. Re1 0-0 12. Nd4 Nxb3 13. axb3 Qd7 14. Qd2 Rfe8 15. Bg3 a6 16. Bf4 c5 17. Nf3 d4 18. Ne2 Bxf3 19. gxf3 Qh3 20. Ng3 Nd5 21. Nf5 Qxf5 22. Re4 Nxf4 23. Qxf4 Qxf4 24. Rxf4 g6 25. Re4 Bd6 26. Rxe8+ Rxe8 27. Rxa6 Bc7 28. Kf1 Kg7 29. Ra4 Bxh2 30. b4 h5 31. bxc5 bxc5 32. b4 cxb4 33. Rxb4 Be5 34. Ke2 Bd6+ 0-1

[Event "Reunion op 17th"]
[Site "St Denis"]
[Date "2015.10.10"]
[Round "4"]
[White "Melon, Antonin"]
[Black "Evrin, Selvam"]
[Result "1-0"]
[WhiteElo "1520"]
[BlackElo "1220"]
[PlyCount "43"]
[EventDate "2015.10.10"]
[EventType "swiss"]
[EventRounds "9"]
[EventCountry "RUF"]
[SourceTitle "CBM 168 Extra"]
[Source "ChessBase"]
[SourceDate "2015.10.29"]
[SourceVersion "1"]
[SourceVersionDate "2015.10.29"]
[SourceQuality "1"]

1. e4 d5 2. exd5 Nf6 3. d4 Nxd5 4. Nf3 e6 5. c4 Nb6 6. Nc3 c5 7. d5 Bd6 8. Be2 0-0 9. 0-0 N8d7 10. dxe6 Nf6 11. exf7+ Rxf7 12. Nb5 Be6 13. Qxd6 Bxc4 14. Bxc4 Nxc4 15. Qxd8+ Rxd8 16. b3 Nb6 17. Nxa7 Ne4 18. Bb2 Rd6 19. Nb5 Rg6 20. Ne5 Rxf2 21. Rxf2 Nxf2 22. Nxg6 1-0